| 000 | 01660nam a2200373Ia 4500 | ||
|---|---|---|---|
| 001 | ebr10103796 | ||
| 003 | CaPaEBR | ||
| 006 | m u | ||
| 007 | cr cn||||||||| | ||
| 008 | 030501s2003 nyu sb 001 0 eng d | ||
| 010 | _z 2003051967 | ||
| 020 | _z1403901325 | ||
| 040 |
_aCaPaEBR _cCaPaEBR |
||
| 035 | _a(OCoLC)70749163 | ||
| 050 | 1 | 4 |
_aPR649.P6 _bC38 2003eb |
| 082 | 0 | 4 |
_a822/.051409358 _221 |
| 100 | 1 |
_aCavanagh, Dermot, _d1963- |
|
| 245 | 1 | 0 |
_aLanguage and politics in the sixteenth-century history play _h[electronic resource] / _cDermot Cavanagh. |
| 260 |
_aNew York : _bPalgrave Macmillan, _c2003. |
||
| 300 | _ax, 197 p. | ||
| 490 | 1 | _aEarly modern literature in history | |
| 504 | _aIncludes bibliographical references and index. | ||
| 533 |
_aElectronic reproduction. _bPalo Alto, Calif. : _cebrary, _d2009. _nAvailable via World Wide Web. _nAccess may be limited to ebrary affiliated libraries. |
||
| 650 | 0 |
_aEnglish drama _yEarly modern and Elizabethan, 1500-1600 _xHistory and criticism. |
|
| 650 | 0 |
_aPolitics and literature _zGreat Britain _xHistory _y16th century. |
|
| 650 | 0 |
_aLiterature and history _zGreat Britain _xHistory _y16th century. |
|
| 650 | 0 |
_aEnglish language _yEarly modern, 1500-1700 _xStyle. |
|
| 650 | 0 |
_aHistorical drama, English _xHistory and criticism. |
|
| 650 | 0 |
_aPolitical plays, English _xHistory and criticism. |
|
| 655 | 7 |
_aElectronic books. _2local |
|
| 710 | 2 | _aebrary, Inc. | |
| 830 | 0 | _aEarly modern literature in history (Palgrave Macmillan (Firm)) | |
| 856 | 4 | 0 |
_uhttp://site.ebrary.com/lib/rucke/Doc?id=10103796 _zAn electronic book accessible through the World Wide Web; click to view |
| 999 |
_c102236 _d102236 |
||